00292nam a22001097a 4500082001600000100001700016245003800033250002000071260005000091300000700141650003400148 a574.192 EKA aTS.Ekanayaka aNutritional Biochemistry Research aSeminar Reports aColombobInstitiute of Chemistry Ceylonc2006 a45 aBiochemistryaseminar reports